000 00497nam a2200181Ia 4500
008 100917s9999 xx 000 0 und d
082 _b53981
100 _aआठवले शं. कृ.
245 _aअब्रुसाठी
260 _bशेठ हिरजी
_c1940
300 _a199
365 _b2.5
520 _aकादंबरी
630 _aअब्रुसाठी
650 _aकादंबरी
730 _aअब्रुसाठी
942 _cBOOK
999 _c659375
_d659372